Muslim in alien socicty : Some important problemswith solution in the light of Islam

Bibliographic Details
Main Author: Muhammad Samiullah
Format: Book
Published: Kuala Lumpur , Noor Publishing House , 1992
Subjects:

MARC

LEADER 00000cam a2200000 7i4500
001 0000004824
002 000005200
005 20080908.0
020 |a 8185233454 
090 0 0 |a 297.5   |b MUH 
100 0 |a Muhammad Samiullah 
245 1 0 |a Muslim in alien socicty :   |b Some important problemswith solution in the light of Islam   |c Muhammad Samiullah 
260 |a Kuala Lumpur ,   |c Noor Publishing House ,   |c 1992 
300 |a 122p. ;   |c 19cm. 
650 0 0 |a Problems(Islam)   |a Islam and both country   |a Circumcision(Islam)   |a Halal or Haram issues 
999 |a 033479   |b BUKU   |c PINJAMAN   |e PERPUSTAKAAN KOMUNITI PETALING JAYA